000 005390000a22001810004500
003 MACL
005 20160503105657.0
008 160503b xxu||||| |||| 00| 0 eng d
040 _aMACL
_cMACL
041 _aHindi
082 _a800 SIN
100 _aसिंह, कमल
_954883
245 _aआस्‍था और पीडा
_cकमल सिंह
260 _bकुसुम प्रकाशन
_c2004
_aमुजफफरनगर
350 _a100
650 _aLiterature
_954884
942 _cHIN
_k800/SIN/L
_2ddc
999 _c18461
_d18461